ARRUPE JESUIT UNIVERSITY

CORONAVIRUS -STOP THE SPREAD - CLEAN,DISINFECT,COVER

Regenerating : (Record no. 130088)

MARC details
000 -LEADER
fixed length control field 01151cam a2200289 a 4500
001 - CONTROL NUMBER
control field 14750719
003 - CONTROL NUMBER IDENTIFIER
control field ARRUPE
005 - DATE AND TIME OF LATEST TRANSACTION
control field 20191127112429.0
008 - FIXED-LENGTH DATA ELEMENTS--GENERAL INFORMATION
fixed length control field 070228s2004 rh ab 000 0 eng
010 ## - LIBRARY OF CONGRESS CONTROL NUMBER
LC control number 2007383069
020 ## - INTERNATIONAL STANDARD BOOK NUMBER
International Standard Book Number 177936010X
040 ## - CATALOGING SOURCE
Original cataloging agency DLC
Transcribing agency DLC
042 ## - AUTHENTICATION CODE
Authentication code lcode
043 ## - GEOGRAPHIC AREA CODE
Geographic area code f-rh---
050 00 - LIBRARY OF CONGRESS CALL NUMBER
Classification number HN802.Z9
Item number C6568 2004
300 ## - PHYSICAL DESCRIPTION
Other physical details ill., map ;
Dimensions 30 cm.
245 00 - TITLE STATEMENT
Title Regenerating :
Remainder of title towards a new strategy of community education and communication /
Statement of responsibility, etc ACPD in association with CIVNET
260 ## - PUBLICATION, DISTRIBUTION, ETC. (IMPRINT)
Place of publication, distribution, etc Harare :
Name of publisher, distributor, etc Africa Community Pub. and Development Trust in assocociation with Africa Book Development Trust and Civic Education Network,
Date of publication, distribution, etc 2004.
300 ## - PHYSICAL DESCRIPTION
Extent 135 p. :
490 0# - SERIES STATEMENT
Series statement Community capacity building series
650 #0 - SUBJECT ADDED ENTRY--TOPICAL TERM
Topical term or geographic name as entry element Community development
Geographic subdivision Zimbabwe.
9 (RLIN) 11776
710 2# - ADDED ENTRY--CORPORATE NAME
Corporate name or jurisdiction name as entry element Africa Community Publishing and Development Trust.
9 (RLIN) 48847
710 2# - ADDED ENTRY--CORPORATE NAME
Corporate name or jurisdiction name as entry element ABDT (Organization : Zimbabwe)
9 (RLIN) 48848
710 2# - ADDED ENTRY--CORPORATE NAME
Corporate name or jurisdiction name as entry element Church/NGO Civic Education Network.
9 (RLIN) 48849
906 ## - LOCAL DATA ELEMENT F, LDF (RLIN)
a 7
b cbc
c origode
d 3
e ncip
f 20
g y-gencatlg
942 ## - ADDED ENTRY ELEMENTS (KOHA)
Source of classification or shelving scheme Library of Congress Classification
Koha item type Monograph ( Printed materials)
Holdings
Withdrawn status Lost status Source of classification or shelving scheme Damaged status Not for loan Collection code Home library Current library Shelving location Date acquired Total Checkouts Full call number Barcode Date last seen Price effective from Koha item type
    Library of Congress Classification     Main Collection ARRUPE LIBRARY ARRUPE LIBRARY Main Collection 27/11/2019   HN802.Z9 C6568 2004 46600006300 27/11/2019 27/11/2019 Monograph ( Printed materials)

 

Arrupe Library. PO Box MP320 Mt Pleasant, Harare, Zimbabwe
263 242 745411|librarian@aju.ac.zw